| 000 | 00567nam a22001697a 4500 | ||
|---|---|---|---|
| 003 | LK-CoMWRAF | ||
| 005 | 20240217001122.0 | ||
| 008 | 231212b |||||||| |||| 00| 0 eng d | ||
| 020 | _a9789556250343 | ||
| 040 |
_aLK-CoMWRAF _dLK-CoMWRAF _eLK-CoMWRAF |
||
| 041 | _atam | ||
| 082 |
_a346 _bKOM |
||
| 100 | _aகொமுக்கார, தளனி | ||
| 245 | _aஇலநு்கெயின் முஸ்லிம் தடும்பச் சட்டம் | ||
| 260 |
_aColombo : _bMuslim Women's Research and Action Forum - MWRAF, _c2009 |
||
| 942 | _cBK | ||
| 999 |
_c4362 _d4362 |
||